000 00296nam a2200133Ia 4500
100 _aIntems
942 _cBK
654 _aAutomobile Machine
245 _aAutomobile Machine
260 _bSkills For Progress . (SKIP)
_aBangalore
_c1981
082 _a629.2
300 _a240
546 _aENGLISH
999 _c19645
_d19645